| 000 | 00738nam a2200289Ia 4500 | ||
|---|---|---|---|
| 001 | 33382 | ||
| 003 | IT-RoPAU | ||
| 008 | 130308s9999 xx 000 0 und d | ||
| 040 | _aIT-RoPAU | ||
| 040 | _cIT-RoPAU | ||
| 041 | _aITALIANO | ||
| 100 | _aSobrero Alberto | ||
| 100 | _gCodice Aut. SPICS: 1160 | ||
| 245 | _aSinistrese (Il) | ||
| 245 | _bFascino Indiscreto delle Parole (Il) | ||
| 250 | _a1a ed. | ||
| 260 | _aROMA | ||
| 260 | _bArmando Armando | ||
| 260 | _c1985 [1° Ed.:1985 - Ed.Ling.Originale:1978] | ||
| 300 | _a"6 p. (prefazione: no ; testo: 6 [pagine: 91-96])" | ||
| 650 | _aSAGGI DI LINGUISTICA | ||
| 650 | _eCodice materia Spics: 3207 | ||
| 942 | _cBK | ||
| 957 | _71 | ||
| 999 |
_c40318 _d40318 |
||
| 999 | _bSI | ||
| 999 | _g1 | ||